000 00286nam a22001337a 4500
003 SGT
082 _a630
_bSMI
100 _aSMITH JOHN
245 _aA TREATISE ON THEIR CULTIVATION
260 _aLONDON
_bROBERT PUBLICATION
_c1866
300 _a412
650 _aAG
942 _2ddc
_cRARE
999 _c33706
_d33706